LEADER 01003nam--2200373---450- 001 990003665030203316 005 20120525133748.0 010 $a2-7186-0461-1 035 $a000366503 035 $aUSA01000366503 035 $a(ALEPH)000366503USA01 035 $a000366503 100 $a20120525d1996----km-y0itay50------ba 101 $afre 102 $aFR 105 $a||||||||001yy 200 1 $aApories$emourir-s'attendre aux limites de la verité$fJacques Derrida 210 $aParis$cGalilée$d1996 215 $a140 p.$d23 cm 225 2 $aIncises 410 0$12001$aIncises 454 1$12001 606 0 $2BNCF 676 $a128.5 700 1$aDERRIDA,$bJacques$0139765 801 0$aIT$bsalbc$gISBD 912 $a990003665030203316 951 $aII.1.D. 5608$b235977 L.M.$cII.1.D.$d00311197 959 $aBK 969 $aUMA 979 $aALESSANDRA$b90$c20120525$lUSA01$h1326 979 $aALESSANDRA$b90$c20120525$lUSA01$h1337 996 $aApories$91139224 997 $aUNISA LEADER 01689nam0 22003493i 450 001 LO10402883 005 20251003044210.0 010 $a8820496712 100 $a20130827d1996 ||||0itac50 ba 101 | $aita 102 $ait 181 1$6z01$ai $bxxxe 182 1$6z01$an 183 1$6z01$anc$2RDAcarrier 200 1 $aImprese, istituzioni e regole nella produzione dei servizi di pubblica utilità$ele condizioni per lo sviluppo della competitività$fGiovanni Valotti 210 $aMilano$cCIRIEC$cFrancoAngeli$dc1996 215 $a246 p.$d22 cm 225 | $aCollana CIRIEC$v47 410 0$1001CFI0018046$12001 $aCollana CIRIEC$v47$171202$aCIRIEC$3CFIV010334 606 $aSERVIZI PUBBLICI$xSVILUPPO$2FIR$3MILC097494$9I 676 $a352.00047$9AMMINISTRAZIONE LOCALE. PRINCIPI FONDAMENTALI.$v21 676 $a363.60945$9SERVIZI PUBBLICI E ATTIVITA CONNESSE. Italia$v23 700 1$aValotti$b, Giovanni$3BVEV019504$4070$0116039 801 3$aIT$bIT-000000$c20130827 850 $aIT-BN0095 $aIT-NA0457 901 $bNAP BI$cSALA 5 $nLibri da 4151 in poi 901 $bNAP 01$cPOZZO LIB.$nVi sono collocati fondi di economia, periodici di ingegneria e scienze, periodici di economia e statistica e altri fondi comprendenti documenti di economia pervenuti in dono. 912 $aLO10402883 950 0$aBiblioteca Centralizzata di Ateneo$c1 v.$d 01POZZO LIB.F. PARRAVICINI 549$e 0101 0600166645E VMA 1 v. (Precedente collocazione P. 808)$fB $h20050930$i20231031 977 $a 01$a BI 996 $aImprese, istituzioni e regole nella produzione dei servizi di pubblica utilità$9690048 997 $aUNISANNIO